000 00337nam a2200157Ia 4500
003 Ost
005 20260225132541.0
008 260225s9999||||xx |||||||||||||| ||und||
040 _cfsic
041 _afre
082 _a811.6
100 _aBaux
_eAuteur
245 0 _aPour un autre son de cloche /
245 0 _cBaux
942 _cكتاب
999 _c33493
_d33493